000 00300cam a22000857a 4500
008 180718b2010 xxu||||| |||| 00| 0 eng d
245 _aAgricultural demand and food supply in India
_cby Yoginder K. Alagh
260 _aAhmedabad
_bSadar Patel Institute of Economic and Social Research
_c2010
300 _a48p.
999 _c503572
_d503572